|
|
|
|
| LEADER |
01596nam a2200289 a 4500 |
| 001 |
29377 |
| 003 |
BD-DhAAL |
| 008 |
150615r20121995 bg b 001 0 eng d |
| 020 |
|
|
|a 984320101264
|
| 040 |
|
|
|a BD-DhAAL
|c BD-DhAAL
|
| 082 |
0 |
0 |
|a 342.5492
|2 21
|
| 100 |
1 |
|
|a Islam, Mahmudul.
|9 12077
|
| 245 |
1 |
0 |
|a Constitutional law of Bangladesh /
|c Mahmudul Islam.
|
| 250 |
|
|
|a 3rd ed.
|
| 260 |
|
|
|a Dhaka :
|b Mullick Brothers,
|c 2012.
|
| 300 |
|
|
|a cxx, 1140 p. ;
|c 22 cm.
|
| 504 |
|
|
|a Includes bibliographical references and index.
|
| 541 |
1 |
|
|e 29377
|
| 650 |
|
0 |
|a Constitutional law
|z Bangladesh.
|9 6989
|
| 710 |
1 |
|
|a Bangladesh.
|t Saṃbidhāna.
|9 12095
|
| 852 |
4 |
|
|a Ayesha Abed Library
|j General Shelf
|
| 942 |
|
|
|2 ddc
|c BK
|0 4
|
| 999 |
|
|
|c 34730
|d 34730
|
| 952 |
|
|
|0 0
|1 4
|2 ddc
|4 0
|6 342_549200000000000_ISL
|7 0
|9 54313
|a BRACUL
|b BRACUL
|c GEN
|d 2015-06-15
|e Karim International
|g 950.00
|l 0
|o 342.5492 ISL
|p 3010029377
|r 2015-06-15
|t 1
|w 2015-06-15
|y BK
|x Koha Inventory 2020
|
| 952 |
|
|
|0 0
|1 0
|2 ddc
|4 0
|6 342_549200000000000_ISL
|7 0
|9 54314
|a BRACUL
|b BRACUL
|c GEN
|d 2015-06-15
|e Karim International
|g 950.00
|l 24
|m 215
|o 342.5492 ISL
|p 3010029378
|q 2026-06-02
|r 2026-02-01
|s 2026-02-01
|t 2
|v 950.00
|w 2015-06-15
|y BK
|
| 952 |
|
|
|0 0
|1 0
|2 ddc
|4 0
|6 342_549200000000000_ISL
|7 0
|9 54315
|a BRACUL
|b BRACUL
|c GEN
|d 2015-06-15
|e Karim International
|g 950.00
|l 23
|m 212
|o 342.5492 ISL
|p 3010029379
|q 2026-04-19
|r 2026-02-01
|s 2026-02-01
|t 3
|w 2015-06-15
|y BK
|
| 952 |
|
|
|0 0
|1 0
|2 ddc
|4 0
|6 342_549200000000000_ISL
|7 0
|9 54316
|a BRACUL
|b BRACUL
|c GEN
|d 2015-06-15
|e Karim International
|g 950.00
|l 31
|m 186
|o 342.5492 ISL
|p 3010029380
|q 2026-06-02
|r 2026-02-01
|s 2026-02-01
|t 4
|w 2015-06-15
|y BK
|